Milwaukee Bucks All Stars: NBA - Statistics

General Stats
  • This quiz has been taken 20 times
  • The average score is 10 of 21
Answer Stats
Career Career With Bucks All Stars Player % Correct
2014- 2014- 8x Giannis Antetokounmpo
100%
2013- 2014- 3x Khris Middleton
94%
1970-1989 1970-1975 19x Kareem Abdul-Jabbar
88%
2013- 2024- 8x Damian Lillard
82%
1961-1974 1971-1974 12x Oscar Robertson
82%
1985-1996 1990-1993 4x Alvin Robertson
76%
1997-2014 1997-2003 10x Ray Allen
76%
2010- 2021-2023 2x Jrue Holiday
71%
2001-2012 2001-2011 1x Michael Redd
65%
1980-1991 1980-1989 5x Sidney Moncrief
65%
1995-2005 1995-2002 2x Glenn Robinson
47%
1978-1990 1978-1984 5x Marques Johnson
47%
1983-2000 1985-1989, 1996 2x Terry Cummings
47%
1994-2006 1994-1997 4x Vin Baker
29%
1970-1982 1970-1977, 1982 4x Bob Dandridge
24%
1971-1984 1980-1984 8x Bob Lanier
12%
1983-1998 1985-1991 1x Ricky Pierce
12%
1975-1983 1976-1983 2x Brian Winters
6%
1967-1974 1969-1970 1x Flynn Robinson
0%
1973-1979 1975-1977 1x Jim Price
0%
1966-1976 1969-1976 1x Jon McGlocklin
0%
No matching quizzes found
Score Distribution
Percent of People with Each Score
Percentile by Number Answered
Your Score History
You have not taken this quiz